000 01283cam a22003734a 4500
001 muse85154
003 MdBmJHUP
005 20210127151558.0
006 m o d
007 cr||||||||nn|n
008 111027s1981 mx o 00 0 spa d
020 _a9786075640754
020 _z9681200918
020 _z9789681200916
035 _a(OCoLC)1151431450
040 _aMdBmJHUP
_cMdBmJHUP
245 0 0 _aHistoria de la deuda exterior de México
_b1823-1946 /
_cEl Colegio de Mexico, Centro de Estudios Internacionales
250 _a1. ed., 1. reimpr.
264 1 _bCM
264 3 _bProject MUSE,
300 _a1 online resource (376 Seiten)
490 0 _aLecturas básicas
506 0 _aOpen Access
_fUnrestricted online access
_2star
588 _aDescription based on print version record.
655 7 _aElectronic books.
_2local
710 2 _aCentro de Estudios Internacionales
_gMexico
_0(DE-588)1021273-5
710 2 _aProject Muse.
_edistributor
830 0 _aBook collections on Project MUSE.
856 4 0 _zFull text available:
_uhttps://muse.jhu.edu/book/74221/
999 _c26280
_d26280